Android oyun programlama (Record no. 21853)

000 -LEADER
fixed length control field 01104nmm a2200325 a 4500
001 - CONTROL NUMBER
control field ocm0002347774
003 - CONTROL NUMBER IDENTIFIER
control field TR-IsHL
005 - DATE AND TIME OF LATEST TRANSACTION
control field 20201028190308.0
008 - FIXED-LENGTH DATA ELEMENTS--GENERAL INFORMATION
fixed length control field 191224s2019 tu tur
007 - PHYSICAL DESCRIPTION FIXED FIELD--GENERAL INFORMATION
fixed length control field cr cn
020 ## - INTERNATIONAL STANDARD BOOK NUMBER
International Standard Book Number 9786052118436
035 ## - SYSTEM CONTROL NUMBER
System control number 2347774
-- (N$T)
050 04 - LIBRARY OF CONGRESS CALL NUMBER
Classification number QA76.76
Item number .D55 2019
090 04 - LOCALLY ASSIGNED LC-TYPE CALL NUMBER (OCLC); LOCAL CALL NUMBER (RLIN)
Classification number (OCLC) (R) ; Classification number, CALL (RLIN) (NR) QA76.76
Local cutter number (OCLC) ; Book number/undivided call number, CALL (RLIN) .D55 2019
100 1# - MAIN ENTRY--PERSONAL NAME
Personal name Dikici, Murat
245 10 - TITLE STATEMENT
Title Android oyun programlama
Medium [electronic resource] /
Statement of responsibility, etc. Murat Dikici ; yayına hazırlık Merve Nur Şengül ; editörler İrem Soylu Gizem Aksan
250 ## - EDITION STATEMENT
Edition statement 1. Baskı
260 ## - PUBLICATION, DISTRIBUTION, ETC.
Place of publication, distribution, etc. İstanbul :
Name of publisher, distributor, etc. KODLAB Yayın Dağıtım,
Date of publication, distribution, etc. 2019
300 ## - PHYSICAL DESCRIPTION
Extent 330 p.
500 ## - GENERAL NOTE
General note Bibliyografya var.
650 #4 - SUBJECT ADDED ENTRY--TOPICAL TERM
Topical term or geographic name entry element Mühendislik ve Teknoloji
650 #4 - SUBJECT ADDED ENTRY--TOPICAL TERM
Topical term or geographic name entry element Engineering and Technology
650 #0 - SUBJECT ADDED ENTRY--TOPICAL TERM
Topical term or geographic name entry element Programlama (Bilgisayarlar)
650 #0 - SUBJECT ADDED ENTRY--TOPICAL TERM
Topical term or geographic name entry element Programming (Computers)
650 #7 - SUBJECT ADDED ENTRY--TOPICAL TERM
Topical term or geographic name entry element COMPUTERS / Programming / General
Source of heading or term bisacsh
700 1# - ADDED ENTRY--PERSONAL NAME
Personal name Şengül, Merve Nur
700 1# - ADDED ENTRY--PERSONAL NAME
Personal name Soylu, İrem
700 1# - ADDED ENTRY--PERSONAL NAME
Personal name Aksan, Gizem
856 40 - ELECTRONIC LOCATION AND ACCESS
Uniform Resource Identifier <a href="http://search.ebscohost.com/login.aspx?direct=true&scope=site&db=e011xww&AN=2347774">http://search.ebscohost.com/login.aspx?direct=true&scope=site&db=e011xww&AN=2347774</a>
Holdings
Withdrawn status Lost status Source of classification or shelving scheme Damaged status Not for loan Collection code Permanent Location Current Location Date acquired Total Checkouts Full call number Barcode Date last seen Price effective from Koha item type
        Online   Kıbrıs Amerikan Üniversitesi Kütüphanesi / American University of Cyprus Kıbrıs Amerikan Üniversitesi Kütüphanesi / American University of Cyprus 28.10.2020   QA76.76 .D55 2019 2347774 28.10.2020 28.10.2020 E-Kitap
Devinim Yazılım Eğitim Danışmanlık tarafından Koha'nın orjinal sürümü uyarlanarak geliştirilip kurulmuştur.